000 00285nam a22001337a 4500
008 170602b xxu||||| |||| 00| 0 eng d
020 _a400908005822
041 _aeng
080 _a94
100 _a18
101 _aSHH
245 _aIMAGES OF ENGLISH
_cBAILEY,R.W
942 _2udc
_cBK
999 _c15830
_d15830